01138 2200205 4500001002100000005001500021008004100036020001800077035001900095041000800114082001100122084001700133100002100150245004900171260004400220300003400264500002000298520057900318650003500897INLIS00000000000518620200508203038200508||||||||| | ||| |||| ||eng|| a1-84-174301-1 0010-0520005186 aeng0 a341.48 a341.48/SMI/T0 aRhona K.M. Smith00aTextbook On International Human Rights 01197 aNew YorkbOxford University Pressc2003 aXIII, 361 hlm. ; 22 cmc22 cm aIndeks : Indeks aTrully global in both its approach and coverage, this new textbook provides an ideal Introduction to a complex subject. The text is clearly written and designed specifically for new commers to international human right, beginning with a brief analysis of the development and history of the subject and discussion of the role of the United nations in this area. Substantive human right also feature srongly, with examples drawn from regional and international law to illustrate vital contemporry issues such as freedom of expresion, the right to education, and minorty right. 0a1. Hak Azazi Manusia-Textbooks